| 000 | 00456nam a2200157Ia 4500 | ||
|---|---|---|---|
| 020 | _a9241544449 : | ||
| 040 | _c618 WOR 1992 C153 Or. | ||
| 082 | _a618 WOR 1992 C153 Or. | ||
| 245 | 0 | 0 |
_aReadings on diarrhoea : _bstudent manual |
| 260 |
_aGeneva : _bWorld Health Organization, _cc1992 |
||
| 300 |
_avi, 147 p. : _bill. ; _c30 cm |
||
| 650 | 0 | _aDiarrhea, Infantile | |
| 650 | 2 | _aDiarrhea, Infantile | |
| 710 | 2 | _aWorld Health Organization | |
| 942 | _cAEDBB | ||
| 999 |
_c19271 _d19271 |
||